000 00637nam a2200229Ia 4500
003 OSt
005 20221007073424.0
006 a|||||r|||| 00| 0
007 ta
008 221006b |||||||| |||| 00| 0 eng d
024 _a7,593
037 _cTextual
040 _aFLL
_cFLL
_beng
041 _2eng
_aeng
082 _aX7291:Z2qN56:9, L1
100 _aSingh Shambhu Dayal
_9345986
245 0 _aLaw of central sales tax
260 _aLucknow
_bEastern Book Company India
_c1971
300 _axxxix,666p
_ccm.
942 _hX7291:Z2qN56:9, L1
_cTEXL
_2CC
999 _c1148685
_d1148685